000 02557cam a2200289 4500500
005 20260426012853.0
041 _afre
042 _adc
100 1 0 _aSpieser, Philippe
_eauthor
245 0 0 _aQuel est le sens du mot science dans l'expression « Science économique » ?
260 _c2011.
500 _a78
520 _aRésuméS’interroger sur les rapports deux fois séculaires qu’entretiennent la Science, surtout mathématique, et la Science économique amène au constat que ces relations apparaissent parfois comme presque consubstantielles, parfois comme conflictuelles. Cette dialectique constante a laissé inachevée la tâche de définir, sans contestation de nature idéologique, l’objet même de la discipline. Un souci légitime de rigueur, une volonté de rendre prédictif le discours économique a conduit néanmoins à en dégager des énoncés qui, par leur caractère hypothético-déductif, se veulent aussi solidement établis que des lois physiques. La finance, qui imprègne aujourd’hui l’économie dans son ensemble et qui présente une intrication originelle forte avec les mathématiques, a logiquement entraîné un usage immodéré et décevant de sa formalisation. Codes JEL : B23, G17, B41, G00, G01
520 _aWhat is the meaning of the word science in the term “Economic sciences”?The two-century old relations between Science-above all mathematics- and Economics lead to the conclusion that they are sometimes almost consubstantial, sometimes contradictory. The consequence is that the very definition of Economics remains partly ideological. To allow for a rigorous approach and a predictive power of economic statements, hypothetic-deductive rationale has been used, aiming to the establishment of almost physical laws. Finance, which sticks to the whole Economics today and which originally posed as a scientific discipline, has logically led to a too large and somehow deceitful use of formalism. JEL codes: B23, G17, B41, G00, G01
690 _aéconométrie
690 _aéconomie financière
690 _aétudes quantitatives
690 _ahistoire de la pensée économique
690 _aprévision économique
690 _aeconometrics
690 _aeconomic forecasting
690 _afinancial Economics
690 _ahistory of economic thought
690 _aquantitative studies
786 0 _nInnovations | 36 | 3 | 2011-10-25 | p. 111-130 | 1267-4982
856 4 1 _uhttps://shs.cairn.info/revue-innovations-2011-3-page-111?lang=fr&redirect-ssocas=7080
999 _c2224579
_d2224579